| Tag |
First Indicator |
Second Indicator |
Subfields |
| LEADER |
00000cam a2200000 i 4500 |
| 001 |
in00005520521 |
| 006 |
m o d |
| 007 |
cr cnu---unuuu |
| 008 |
220321t20232023enkab ob 001 0 eng |
| 005 |
20241108165513.6 |
| 010 |
|
|
|a 2022012750
|
| 035 |
|
|
|a (OCoLC)on1305017340
|
| 040 |
|
|
|a DLC
|b eng
|e rda
|c DLC
|d OCLCO
|d OCLCF
|d TYFRS
|d N$T
|d YDX
|d OCLCQ
|d SFB
|d OCLCQ
|d OCLCO
|d SXB
|d OCLCO
|d OCLCQ
|
| 020 |
|
|
|a 9781003102403
|q electronic book
|
| 020 |
|
|
|a 1003102409
|q electronic book
|
| 020 |
|
|
|a 9781000648126
|q electronic book
|
| 020 |
|
|
|a 1000648125
|q electronic book
|
| 020 |
|
|
|a 9781000648119
|q electronic book
|
| 020 |
|
|
|a 1000648117
|q electronic book
|
| 020 |
|
|
|z 9780367608903
|q hardcover
|
| 020 |
|
|
|z 9780367608910
|q paperback
|
| 024 |
7 |
|
|a 10.1201/9781003102403
|2 doi
|
| 035 |
|
|
|a (OCoLC)1305017340
|
| 037 |
|
|
|a 9781003102403
|b Taylor & Francis
|
| 042 |
|
|
|a pcc
|
| 050 |
0 |
4 |
|a HD9715.A2
|b D34 2023
|
| 072 |
|
7 |
|a BUS
|x 070160
|2 bisacsh
|
| 072 |
|
7 |
|a TEC
|x 009020
|2 bisacsh
|
| 072 |
|
7 |
|a TNK
|2 bicssc
|
| 082 |
0 |
0 |
|a 624.068
|2 23/eng/20220321
|
| 049 |
|
|
|a TXAM
|
| 245 |
0 |
0 |
|a Describing construction :
|b industries, projects and firms /
|c edited by Rick Best and Jim Meikle.
|
| 264 |
|
1 |
|a Abingdon, Oxon ;
|a New York, NY :
|b Routledge,
|c 2023.
|
| 264 |
|
4 |
|c Ã2023
|
| 300 |
|
|
|a 1 online resource (ix, 306 pages) :
|b illustrations, map
|
| 336 |
|
|
|a text
|b txt
|2 rdacontent
|
| 337 |
|
|
|a computer
|b c
|2 rdamedia
|
| 338 |
|
|
|a online resource
|b cr
|2 rdacarrier
|
| 504 |
|
|
|a Includes bibliographical references and index.
|
| 520 |
|
|
|a "Describing Construction gives readers the views of experts in the field of how the construction industry is described, what its make-up is, it even asks the question: is construction a single industry? This book will change the way most readers understand the 'construction industry', whatever that may be. It is essential reading for students and researchers in construction management, quantity surveying, architecture and engineering"--
|c Provided by publisher.
|
| 545 |
0 |
|
|a Rick Best is an Honorary Adjunct Associate Professor of Construction Management and Economics at Bond University. He has produced numerous book chapters and papers over a 25-year career as an academic as well as co-edited five books and co-authored one quantity surveying textbook. His research in recent years focused on the problems associated with making valid comparisons of construction industries across countries, and he contributed to the development of the most recent construction data collection project within the International Comparison Program. Jim Meikle retired as a partner of Davis Langdon LLP in 2005 and, since then, has worked as an independent consultant with UK government departments and agencies, foreign governments, international organisations including the EU, the World Bank and the African Development Bank, and private clients. His main interests are international comparisons construction industry policy, construction data and international comparisons.
|
| 588 |
|
|
|a Description based on online resource; title from digital title page (viewed on October 14, 2022).
|
| 650 |
|
0 |
|a Construction industry.
|
| 650 |
|
0 |
|a Construction projects.
|
| 650 |
|
6 |
|a Construction
|x Industrie.
|
| 650 |
|
6 |
|a Projets de construction.
|
| 650 |
|
7 |
|a TECHNOLOGY / Engineering / Civil
|2 bisacsh
|
| 650 |
|
7 |
|a Construction industry
|2 fast
|
| 650 |
|
7 |
|a Construction projects
|2 fast
|
| 655 |
|
7 |
|a Electronic books.
|2 local
|
| 700 |
1 |
|
|a Best, Rick,
|e editor.
|1 https://id.oclc.org/worldcat/entity/E39PCjrqyWmHTmCfgg67Th9r9C
|
| 700 |
1 |
|
|a Meikle, Jim,
|e editor.
|1 https://id.oclc.org/worldcat/entity/E39PCjv7vKYk8Hv6RKBCbgDtqP
|
| 710 |
2 |
|
|a Taylor & Francis.
|
| 776 |
0 |
8 |
|i Print version:
|t Describing construction
|d Abingdon, Oxon ; New York, NY : Routledge, 2023
|z 9780367608903
|w (DLC) 2022012749
|
| 856 |
4 |
0 |
|u http://proxy.library.tamu.edu/login?url=https://www.taylorfrancis.com/books/9781003102403
|z Connect to the full text of this electronic book
|t 0
|
| 955 |
|
|
|a Taylor and Francis ENGnetBASE
|
| 994 |
|
|
|a 92
|b TXA
|
| 999 |
f |
f |
|s 6e2aab9f-23c1-4b7b-a557-ffbd43cdbfd0
|i a853210a-5086-4e00-be80-e560b53ab7dc
|t 0
|
| 952 |
f |
f |
|a Texas A&M University
|b College Station
|c Electronic Resources
|d Available Online
|t 0
|e HD9715.A2 D34 2023
|h Library of Congress classification
|
| 998 |
f |
f |
|a HD9715.A2 D34 2023
|t 0
|l Available Online
|